00229nam a2200097Ia 4500008004100000082001400041100001800055245002700073260001800100600001300118241002s9999 xx 000 0 und d a223.7 ARB aArberry, A.J. 0aTales From the Masnavi aLondon:c1968 aReligion